000 00510nam a2200181Ia 4500
005 20260423100622.0
008 160316s1983 xxu||||| |||| 00| 0 eng d
082 _a346.0436 GOP
100 _aGopal, Shiva
245 _aConveyancing, precedents and forms /
_cShiva Gopal and G.C. Mathur
250 _a5th ed.
260 _aLucknow :
_bEastern Book Company,
_c1983.
300 _axxxiii, 648 p. ;
_b23 cm.
365 _bRs.225.00
650 _aConveyancing
700 _aMathur, G.C.
_a
942 _2ddc
_cBK
999 _c19473
_d19473